00421nam a2200145Ia 4500001001000000003000500010008004100015010001100056040000900067245008200076260004600158300001000204440003000214650003100244Para_5546CHAP220125s1915 xx 000 0 und d a204005 cCHAP aThe production of lumber in 1913 /c The office of Industrial Investigations aWashington :b Department of Agriculture a32 p. aEUA. Dept. Agr. Bull; 232 aMadera Industria maderera